Cualquiera Tiene Ticket - Bryant Myers - Estadísticas

Estadísticas generales
  • Esta prueba ha sido intentada 35 veces
  • La puntuación promedio es 375 de 499
Estadísticas de respuestas
Letra % Correcto
cielo
100%
con
100%
Con
100%
cualquiera
100%
de
100%
el
100%
El
100%
Él
100%
las
100%
Las
100%
Les
100%
les
100%
lo
100%
Los
100%
los
100%
me
100%
Me
100%
100%
mí,
100%
Mi
100%
mi
100%
pa'
100%
se
100%
100%
100%
te
100%
Te
100%
ticket
100%
tiene
100%
To'
100%
to'
100%
¿tú
100%
un
100%
Un
100%
a
91%
A
91%
ahora
91%
Ahora
91%
al
91%
aquí
91%
cabrón,
91%
cojone'
91%
corazón,
91%
creyó
91%
derrite
91%
desde
91%
Desde
91%
Dio',
91%
dio
91%
doy
91%
dudó
91%
en
91%
En
91%
es
91%
Es
91%
Esto
91%
esto,
91%
estuviera
91%
figura
91%
frente
91%
gracia'
91%
guapo
91%
imiten
91%
inspiración,
91%
Jesucri
91%
la
91%
llama
91%
llega
91%
má',
91%
mami
91%
Mami,
91%
mano,
91%
menor
91%
Miro
91%
no
91%
no,
91%
No
91%
No,
91%
normal
91%
paterna
91%
pique
91%
por
91%
que
91%
Que
91%
¿qué
91%
quería
91%
Retro,
91%
ser
91%
Si
91%
si
91%
Soy
91%
soy
91%
su
91%
Tener
91%
tener
91%
tenía
91%
tocó
91%
todo'
91%
verme
91%
vi
91%
y
91%
Y
91%
Yo
91%
yo
91%
brillar
82%
conformé
82%
conoce
82%
conseguir
82%
decir
82%
echen
82%
escuela
82%
metan
82%
ni
82%
o
82%
pa'l
82%
plata
82%
podía
82%
reí
82%
Shaquille
82%
solo
82%
solo,
82%
toa'
82%
única
82%
va
82%
veo
82%
alante
73%
así
73%
burlaron
73%
crecí
73%
después
73%
dos
73%
fin
73%
fui
73%
malcria'o,
73%
mío',
73%
na'
73%
niño
73%
noches
73%
peso
73%
Puse
73%
sabe,
73%
siempre
73%
sufrí
73%
tu
73%
73%
una
73%
voy
73%
ya
73%
Ya
73%
bolsillo,
64%
Bryant,
64%
calle
64%
cargarla
64%
Carola
64%
casa
64%
confío
64%
contra
64%
cruz
64%
día'
64%
dice
64%
dijo:
64%
empistolo
64%
esperes,
64%
está
64%
estaban
64%
familia,
64%
ganga
64%
Gangster
64%
gris
64%
hoy
64%
ir
64%
mañana
64%
millo
64%
Millo
64%
misma
64%
nadie,
64%
nadie
64%
Pero
64%
pero
64%
Pero,
64%
pri
64%
quedarme,
64%
quisiera
64%
repetir
64%
seguimo'
64%
soleao'
64%
somos
64%
tarde,
64%
Tito
64%
todavía
64%
vengo
64%
Vo'a
64%
bien,
55%
Cargando
55%
como
55%
cómo
55%
del
55%
despedí
55%
Gracias
55%
hablándole
55%
hasta
55%
hora
55%
mahone'
55%
maldecir
55%
metiendo
55%
nombre
55%
retiro
55%
satisfecho
55%
secuestraron,
55%
seguir
55%
Tri
55%
última
55%
viví
55%
aunque
45%
ayuda
45%
era
45%
Eso
45%
esos
45%
foto'
45%
llegó
45%
llevaste
45%
mejor
45%
mentol
45%
merecerlo
45%
momento
45%
peor
45%
perdón
45%
permitirlo,
45%
prendo
45%
reírme
45%
resentimiento
45%
sienta
45%
siento
45%
sin
45%
Solamente
45%
son
45%
tengo
45%
ves
45%
vivo
45%
alegraron
36%
cambiaron
36%
cosas
36%
ello'
36%
ellos
36%
espejo
36%
estar
36%
famer
36%
hablaron
36%
hacer
36%
Hay
36%
levantarme
36%
mala,
36%
mamando,
36%
montón
36%
mundo
36%
pasó?
36%
Perco
36%
pesa?
36%
poder
36%
refleja
36%
sufriera
36%
tuvieron
36%
vaya
36%
aconseja
27%
aleja
27%
altura',
27%
Aquel
27%
bandido
27%
buche'
27%
bullshit
27%
cabeza
27%
cae
27%
cicatrice'
27%
cuando
27%
Cuando
27%
cuenta
27%
das
27%
deja
27%
Dios
27%
duermo
27%
ella
27%
eran
27%
estás
27%
estas
27%
jodí'o
27%
mai
27%
maneja
27%
palabra
27%
pressure
27%
quiéne'
27%
saber
27%
sientes
27%
supieran
27%
traicione,
27%
Tris
27%
varias
27%
verdad,
27%
verdad
27%
vida
27%
conmigo,
18%
crees
18%
force'
18%
fueran
18%
juran
18%
llamé
18%
Mucho'
18%
nunca
18%
porque
18%
real
18%
encuentra'
9%
fea
9%
garet,
9%
No se encontraron pruebas coincidentes
Distribución de puntuación
Porcentaje de gente con cada puntuación
Porcentaje por número respondido
Historial de tus puntuaciones
No has intentado esta prueba.